000 00962nam a2200265Ia 4500
003 OSt
005 20221005104617.0
006 a|||||r|||| 00| 0
007 ta
008 221004b |||||||| |||| 00| 0 hin d
020 _a818361003X (hbk)
_c150
024 _a97051
037 _b577, 23/03/2009, Vani Prakashan
_cTextual
040 _aCRL
_cCRL
_bhin
041 _2hin
_ahin
082 _a4, P5
100 _aजोशी, राम शरण
245 0 _aविदेश रिपोर्टिंग
_b सिद्धान्त और व्यवहार
246 _aVidesh riporṭianga: siddhānta aur vyavahāra
260 _aदिल्ली
_bराधाकृष्ण भारत
_c2005
300 _a134पृ0
_ccm.
650 _aहिन्दी पत्रकारिता
942 _h4, P5
_cTEXL
_2cc
999 _c1013238
_d1013238